Statistics for 3-Stage Pokémon Evolutions - Hoenn

Click here to take the quiz!

General Stats

  • This quiz has been taken 78 times
    (27 since last reset)
  • The average score is 34 of 35

Answer Stats

Stage 1Stage 2% Correct
AronAggron
100%
BlazikenBlaziken
100%
WurmpleCascoon
100%
TorchicCombusken
100%
DusknoirDusclops
100%
DusknoirDuskull
100%
WurmpleDustox
100%
WishmerExploud
100%
RaltsGardevoir
100%
RaltsKirlia
100%
WhismurLoudred
100%
LotadLudicolo
100%
BeldumMetagross
100%
BeldumMetang
100%
SeedotShiftry
100%
WurmpleSilcoon
100%
SlakothSlaking
100%
SlakothVigoroth
100%
SphealWalrein
100%
WurmpleBeautifly
96%
TrapinchFlygon
96%
TreeckoGrovyle
96%
AronLairon
96%
ObstagoonLinoone
96%
LotadLombre
96%
MudkipMarshtomp
96%
SeedotNuzleaf
96%
Budew, RoseradeRoselia
96%
BagonSalamence
96%
TreeckoSceptile
96%
SphealSealeo
96%
BagonShelgon
96%
MudkipSwampert
96%
TrapinchVibrava
96%
ObstagoonZigzagoon
96%

Score Distribution

Percentile by Number Answered

Percent of People with Each Score

Your Score History

You have not taken this quiz since the last reset